000 01149cam a2200313 a 4500
999 _c8964
_d8964
001 14361820
003 OSt
005 20200130145636.0
008 060502s2006 maua b 001 0 eng d
010 _a 2006274612
020 _a9788131703946
035 _a(OCoLC)ocm61671718
040 _aTEF
_cTEF
_dTEF
_dBAKER
_dDLC
042 _alccopycat
050 0 0 _aHA32
_b.G458 2006
082 0 4 _a005.369
_a 519.50285536
_222
_bGEO/S
100 _aGeorge, Darren
_91440
245 1 0 _aSPSS for Windows step by step :
_ba simple guide and reference, 13.0 update /
_cDarren George, Paul Mallery.
250 _a6th ed.
260 _aBoston :
_bPearson A and B,
_cc2006.
300 _a386 p. :
_bill. ;
_c28 cm.
504 _aIncludes bibliographical references (p. [379]-380) and index.
630 0 0 _aSPSS for Windows.
650 0 _aSocial sciences
_xStatistical methods
_xComputer programs.
700 1 _aMallery, Paul,
_d1966-
_91671
906 _a7
_bcbc
_ccopycat
_d2
_encip
_f20
_gy-gencatlg
942 _2ddc
_cBK
_h005.369
_iGEO/S
_k005.369
_mGEO/S